LIBRARY & INFORMATION CENTRE, KCAET, TAVANUR

ONLINE PUBLIC ACCESS CATALOGUE (OPAC)

Food Science (Record no. 14127)

MARC details
000 -LEADER
fixed length control field 00322nam a22001337a 4500
020 ## - INTERNATIONAL STANDARD BOOK NUMBER
ISBN 8122417795
082 ## - DEWEY DECIMAL CLASSIFICATION NUMBER
Classification number 664
Item number MUD/FO
100 ## - MAIN ENTRY--AUTHOR NAME
Personal name Mudambi, Sumathi R
-- Shalini M Rao
-- Rajagopal M V
245 ## - TITLE STATEMENT
Title Food Science
250 ## - EDITION STATEMENT
Edition statement 2
260 ## - PUBLICATION, DISTRIBUTION, ETC. (IMPRINT)
Place of publication New Delhi
Name of publisher New Age International
Year of publication 2006
300 ## - PHYSICAL DESCRIPTION
Number of Pages 224
942 ## - ADDED ENTRY ELEMENTS (KOHA)
Koha item type Books
Holdings
Withdrawn status Lost status Damaged status Home library Current library Date acquired Source of acquisition Full call number Accession Number Koha item type
      KAUAET KAUAET 30/03/2013 Aman Book Stall, Calicut 664 MUD/FO 24043 Books
free website counter